000 00504nam a2200181 a 4500
003 BD-DhJNU
005 20250306052138.0
008 250204s1951 ii a b 001 0 eng
040 _aBD-DhJNU
_bENG
_cBD-DhJNU
_dBD-DhJNU
082 0 0 _a212.6 LEM
_223
100 1 _aLewis, H. D.
245 1 0 _aMorals and revelation /
_cH. D. Lewis
260 _aLondon :
_bGeorge Allen & Unwin Ltd,
_c1951.
300 _aix, 258 p. ;
_c22 cm.
504 _aIncludes index.
650 0 _aMorals and revelation
942 _cBK
999 _c1453
_d1453